000 00329nam a2200133Ia 4500
100 _aKhan/ MY./ Jain/P.K.
942 _cBK
654 _aManagement
245 _aTheory & Problems of Management and Cost Accounting
260 _bTata Mc Graw hill
_aNew Delhi
_c1994
082 _a658
_bPAN
546 _aENGLISH
999 _c32952
_d32952